Colombia Alluvial Gold Exploitation (Registro nro. 20819)
[ vista simple ]
| 000 -CABECERA | |
|---|---|
| Campo de control | 00970nam a22002417a 4500 |
| 005 - FECHA Y HORA DE LA ULTIMA TRANSACCION | |
| Campo de control | 20200207092222.0 |
| 008 - ELEMENTOS DE LONGITUD FIJA—INFORMACION GENERAL | |
| Campo de control | 200207b xxu||||| |||| 00| 0 spa d |
| 040 ## - FUENTE DE CATALOGACIÓN | |
| Agencia catalogadora original | CO-BoIAVH |
| Agencia transcriptora | CO-BoIAVH |
| 041 ## - IDIOMA | |
| Código de idioma para texto/pista de sonido o título separado | Inglés |
| 044 ## - PAÍS DE PUBLICACIÓN | |
| País de publicación | Estados Unidos |
| 082 ## - NUMERO DE CLASIFICACION DECIMAL DEWEY | |
| Número de clasificación | 622.3422 |
| Número del ítem | U58c |
| 110 ## - ASIENTO PRINCIPAL--NOMBRE CORPORATIVO | |
| 9 (RLIN) | 102582 |
| Nombre corporativo o de jurisdicción como elemento de entrada | United Nations Office on Drugs and Crime |
| 245 ## - MENCION DE TITULO | |
| Título | Colombia Alluvial Gold Exploitation |
| Parte restante del título | Evidences from remote sensing 2016 Mayo 2018 |
| Mención de responsabilidad | United Nations Office on Drugs and Crime y Ministerio de Minas y Energía |
| 260 ## - PUBLICACION, DISTRIBUCION, ETC. (PIE DE IMPRENTA) | |
| Lugar de publicación, distribución, etc. | s.l: |
| Nombre del editor, distribuidor, etc. | United Nations Office on Drugs and Crime, |
| Fecha de publicación, distribución, etc. | 2018. |
| 300 ## - DESCRIPCION FISICA | |
| Extensión | 144 páginas, |
| Otros detalles físicos | Fotografías, mapas, gráficas e ilustraciones a color, |
| Dimensiones | 29.2 x 21.5 cm |
| 650 #0 - ASIENTO SECUNDARIO DE MATERIA - TERMINO TEMATICO | |
| 9 (RLIN) | 28513 |
| Término temático o nombre geográfico como elemento de entrada | Minas de oro |
| Subdivisión geográfica | Colombia |
| 650 #0 - ASIENTO SECUNDARIO DE MATERIA - TERMINO TEMATICO | |
| 9 (RLIN) | 2976 |
| Término temático o nombre geográfico como elemento de entrada | Sector minero |
| 650 #0 - ASIENTO SECUNDARIO DE MATERIA - TERMINO TEMATICO | |
| 9 (RLIN) | 101438 |
| Término temático o nombre geográfico como elemento de entrada | Vulnerabilidad social |
| 650 #0 - ASIENTO SECUNDARIO DE MATERIA - TERMINO TEMATICO | |
| 9 (RLIN) | 102583 |
| Término temático o nombre geográfico como elemento de entrada | Explotación ilegal |
| 650 #0 - ASIENTO SECUNDARIO DE MATERIA - TERMINO TEMATICO | |
| 9 (RLIN) | 64823 |
| Término temático o nombre geográfico como elemento de entrada | Políticas públicas |
| 710 ## - ASIENTO SECUNDARIO - NOMBRE CORPORATIVO | |
| 9 (RLIN) | 101011 |
| Nombre corporativo o de jurisdicción como elemento de entrada | Ministerio de Minas y Energía |
| Término de relación | colaborador |
| 942 ## - ELEMENTOS ADICIONALES (KOHA) | |
| Sistema de clasificación | Dewey Decimal Classification |
| Tipo de ítem | Libro |
| Withdrawn status | Lost status | Sistema de Clasificación | Damaged status | No para préstamo | Colección | Ubicación Permanente | Ubicación actual | Fecha de adquisición | Total Checkouts | Número topográfico | Inventario / Código de Barras | Date last seen | Ejemplar | Price effective from | Forma de adquisición | Tipo de material |
|---|---|---|---|---|---|---|---|---|---|---|---|---|---|---|---|---|
| Dewey Decimal Classification | General | Bogotá | Bogotá | 07/02/2020 | LB-622.3422 U58c | 044076 | 07/02/2020 | Ej. 1 | 07/02/2020 | Donación | Libro | |||||
| Dewey Decimal Classification | General | Bogotá | Bogotá | 07/02/2020 | LB-622.3422 U58c | 044077 | 07/02/2020 | Ej. 2 | 07/02/2020 | Donación | Libro | |||||
| Dewey Decimal Classification | General | Bogotá | Bogotá | 07/02/2020 | LB-622.3422 U58c | 044078 | 07/02/2020 | Ej. 3 | 07/02/2020 | Donación | Libro | |||||
| Dewey Decimal Classification | General | Bogotá | Bogotá | 07/02/2020 | LB-622.3422 U58c | 044079 | 07/02/2020 | Ej. 4 | 07/02/2020 | Donación | Libro |